[Event "Open de la Constitución 2019"]
[Site "S. S. de los Reyes ESP"]
[Date "2019.12.06"]
[Round "7.18"]
[White "Minguela Muñoz, Bienvenido"]
[Black "Alfaya Martinez, Enrique"]
[Result "0-1"]
[WhiteElo "1827"]
[BlackElo "1560"]
[PlyCount "76"]
[EventDate "2019.11.30"]
[EventType "swiss"]
[EventRounds "9"]
[EventCountry "ESP"]
[SourceTitle "Ajedrez en Madrid"]
[Source "lmi"]
[SourceDate "2019.11.30"]
[SourceVersion "1"]
[SourceVersionDate "2019.12.16"]
[SourceQuality "1"]

1. d4 Nf6 2. c4 g6 3. Nc3 Bg7 4. e4 d6 5. Nf3 O-O 6. Bg5 Nbd7 7. Be2 h6 8. Bh4
e5 9. dxe5 dxe5 10. Qc2 b6 11. O-O-O Re8 12. Nd5 g5 13. Bg3 Nxd5 14. cxd5 Nc5
15. h4 g4 16. Nh2 h5 17. f3 gxf3 18. gxf3 Rf8 19. Bf2 f5 20. Rhg1 fxe4 21. Bxc5
bxc5 22. fxe4 Qxh4 23. Nf3 Qf4+ 24. Kb1 Bg4 25. Rdf1 Qe3 26. Rg3 Rf4 27. Rfg1
Raf8 28. Nh2 Qxe4 29. Bd3 Qd4 30. Nxg4 Rxg4 31. Rxg4 hxg4 32. Bh7+ Kh8 33. Rh1
Rf6 34. Qc1 Qf4 35. Qxc5 Rh6 36. Rxh6 Bxh6 37. Qxc7 Qf1+ 38. Kc2 Qc1+ 0-1

[Event "Open de la Constitución 2019"]
[Site "S. S. de los Reyes ESP"]
[Date "2019.12.06"]
[Round "7.19"]
[White "Campos Rodriguez, Alvaro"]
[Black "Montiel Miguelez, Manuel"]
[Result "1/2-1/2"]
[WhiteElo "1691"]
[BlackElo "1811"]
[PlyCount "74"]
[EventDate "2019.11.30"]
[EventType "swiss"]
[EventRounds "9"]
[EventCountry "ESP"]
[SourceTitle "Ajedrez en Madrid"]
[Source "lmi"]
[SourceDate "2019.11.30"]
[SourceVersion "1"]
[SourceVersionDate "2019.12.16"]
[SourceQuality "1"]

1. e4 c5 2. d4 cxd4 3. c3 dxc3 4. Nxc3 Nc6 5. Nf3 e6 6. Bf4 a6 7. Be2 d6 8. Qd2
Be7 9. Rd1 e5 10. Be3 Nf6 11. h3 O-O 12. g4 Be6 13. Ng5 h6 14. Nxe6 fxe6 15. g5
hxg5 16. Rg1 b5 17. a3 Na5 18. Bxg5 Nb3 19. Qe3 Nd4 20. Rxd4 exd4 21. Qxd4 Ne8
22. Bh6 Bf6 23. e5 Bxe5 24. Qg4 Qf6 25. Be3 d5 26. Bd3 Bxc3+ 27. bxc3 Qxc3+ 28.
Ke2 Qb2+ 29. Ke1 Qf6 30. Qh5 Qa1+ 31. Ke2 Qb2+ 32. Kd1 Nf6 33. Rxg7+ Kxg7 34.
Qg6+ Kh8 35. Qh6+ Kg8 36. Qg6+ Kh8 37. Qh6+ Kg8 1/2-1/2

[Event "Open de la Constitución 2019"]
[Site "S. S. de los Reyes ESP"]
[Date "2019.12.06"]
[Round "7.21"]
[White "De Dompablo Fantova, Juan"]
[Black "Sanchez Sanz, Alejandro"]
[Result "1-0"]
[WhiteElo "1598"]
[BlackElo "1745"]
[PlyCount "165"]
[EventDate "2019.11.30"]
[EventType "swiss"]
[EventRounds "9"]
[EventCountry "ESP"]
[SourceTitle "Ajedrez en Madrid"]
[Source "lmi"]
[SourceDate "2019.11.30"]
[SourceVersion "1"]
[SourceVersionDate "2019.12.16"]
[SourceQuality "1"]

1. e4 c5 2. Nc3 e6 3. f4 d5 4. Bb5+ Nc6 5. Nf3 a6 6. Bxc6+ bxc6 7. O-O Bd6 8.
d3 Ne7 9. Qe1 O-O 10. Qg3 Ng6 11. e5 Be7 12. b3 Bd7 13. Na4 Rb8 14. c4 Be8 15.
Ba3 Qc7 16. Rac1 Qa7 17. h4 f6 18. h5 Nxf4 19. Qxf4 Bxh5 20. Qg3 f5 21. Ng5 Bf7
22. Kf2 h6 23. Nh3 Rbd8 24. Rcd1 Bh5 25. Rd2 Bg4 26. Nf4 Kf7 27. Qh2 dxc4 28.
bxc4 Rd4 29. Kg1 Rfd8 30. Rff2 Qb8 31. Bb2 Rxf4 32. Qxf4 Bg5 33. Qxg4 Bxd2 34.
Qf3 Bg5 35. Nxc5 Qb6 36. Ne4 Be3 37. Nd6+ Kf8 38. Ba3 Bxf2+ 39. Qxf2 Qb1+ 40.
Kh2 Kg8 41. Qh4 Qb8 42. Qe7 Kh7 43. Qxe6 g6 44. Qf7+ Kh8 45. Qxg6 Rd7 46. Qf6+
Rg7 47. Nf7+ Kh7 48. Qxf5+ Rg6 49. Nd6 Qd8 50. g3 Qa5 51. Bc1 Qxa2+ 52. Kh3 Qc2
53. Be3 Qd1 54. Qe4 Qh5+ 55. Kg2 Qe2+ 56. Bf2 Qh5 57. Ne8 Kh8 58. Nf6 Qg5 59.
Qxc6 Qxe5 60. Qe8+ Qxe8 61. Nxe8 Re6 62. Nc7 Rc6 63. Nd5 a5 64. Nc3 Rd6 65. d4
Kg8 66. c5 Ra6 67. Na4 Kf7 68. Kf3 Rf6+ 69. Ke3 Re6+ 70. Kd3 Rf6 71. Be1 Ke7
72. Kc4 Rf1 73. Bxa5 Ra1 74. Kb5 Ra3 75. Bc7 Kd7 76. Bd6 Ra2 77. Nb6+ Kd8 78.
Kc6 Ra7 79. d5 h5 80. Kb5 Ra2 81. c6 Rb2+ 82. Ka6 Ra2+ 83. Kb7 1-0

[Event "Open de la Constitución 2019"]
[Site "S. S. de los Reyes ESP"]
[Date "2019.12.06"]
[Round "7.23"]
[White "Rubio Gonzalez, Beltran"]
[Black "Santamaria Farran, Pablo"]
[Result "1-0"]
[WhiteElo "1596"]
[BlackElo "1808"]
[PlyCount "109"]
[EventDate "2019.11.30"]
[EventType "swiss"]
[EventRounds "9"]
[EventCountry "ESP"]
[SourceTitle "Ajedrez en Madrid"]
[Source "lmi"]
[SourceDate "2019.11.30"]
[SourceVersion "1"]
[SourceVersionDate "2019.12.16"]
[SourceQuality "1"]

1. d4 Nf6 2. c4 c5 3. d5 b5 4. a4 bxc4 5. Nc3 g6 6. e4 Bg7 7. Bxc4 Qa5 8. Bd2
Qb4 9. Qb3 Na6 10. Nf3 Rb8 11. Ra3 O-O 12. O-O d6 13. Re1 Nd7 14. Nd1 Qxb3 15.
Rxb3 Nb6 16. Bb5 Nd7 17. Bc3 Nf6 18. Nd2 Nb4 19. Ne3 Bd7 20. Bxf6 Bxb5 21. Bxg7
Kxg7 22. axb5 Rxb5 23. Ndc4 Rfb8 24. Ra3 a6 25. Rea1 h5 26. Rc3 f6 27. Nc2 a5
28. Rxa5 Rxa5 29. Nxa5 Nxc2 30. Rxc2 Ra8 31. Nb3 Ra4 32. Nd2 Kf7 33. f3 e6 34.
dxe6+ Kxe6 35. Kf2 h4 36. h3 Rb4 37. Nf1 f5 38. Re2 Kf6 39. Ne3 Rb3 40. Nc4 Rd3
41. Rd2 Rxd2+ 42. Nxd2 fxe4 43. Nxe4+ Ke5 44. Ke3 c4 45. Nxd6 Kxd6 46. Kd4 g5
47. Kxc4 Ke5 48. b4 Kf4 49. b5 Kg3 50. b6 Kxg2 51. b7 Kxh3 52. b8=Q Kg2 53. Qg8
Kxf3 54. Qxg5 h3 55. Qg1 1-0

[Event "Open de la Constitución 2019"]
[Site "S. S. de los Reyes ESP"]
[Date "2019.12.06"]
[Round "7.25"]
[White "Diaz Guzman, David"]
[Black "Villaverde Casalengua, Jose Luis"]
[Result "1/2-1/2"]
[WhiteElo "1137"]
[BlackElo "1675"]
[PlyCount "109"]
[EventDate "2019.11.30"]
[EventType "swiss"]
[EventRounds "9"]
[EventCountry "ESP"]
[SourceTitle "Ajedrez en Madrid"]
[Source "lmi"]
[SourceDate "2019.11.30"]
[SourceVersion "1"]
[SourceVersionDate "2019.12.16"]
[SourceQuality "1"]

1. e4 d6 2. d4 Nf6 3. Nc3 g6 4. Nf3 Bg7 5. Bc4 O-O 6. O-O a6 7. a4 Nc6 8. h3 e5
9. d5 Ne7 10. Bg5 h6 11. Bh4 g5 12. Bg3 Nd7 13. Qd2 Ng6 14. Nd1 Nc5 15. Re1 f5
16. exf5 Bxf5 17. Ne3 Ne4 18. Qb4 Nxg3 19. fxg3 Bxh3 20. g4 Rf4 21. Nh2 Bxg2
22. Kxg2 Nh4+ 23. Kg3 Rb8 24. Qb3 e4 25. Rf1 Qf8 26. Ng2 Nxg2 27. Kxg2 Be5 28.
Rxf4 Qxf4 29. Qh3 Rf8 30. Rf1 Qd2+ 31. Kh1 Bf4 32. Qg2 Qe3 33. Qf2 Qxf2 34.
Rxf2 Kg7 35. Re2 e3 36. Kg2 Kf6 37. Nf1 Re8 38. Kf3 Re7 39. Nxe3 Be5 40. b3 Kg6
41. Bd3+ Kf6 42. Nc4 Bc3 43. Rxe7 Kxe7 44. Ke4 Kf6 45. Ne3 a5 46. Nc4 Kg6 47.
Ke3+ Kf6 48. Ke2 Ke7 49. Kd1 Kf6 50. Ke2 Ke7 51. Ke3 Kf6 52. Be4 b6 53. Kd3 Be1
54. Kd4 Bb4 55. Kd3 1/2-1/2

[Event "Open de la Constitución 2019"]
[Site "S. S. de los Reyes ESP"]
[Date "2019.12.06"]
[Round "7.27"]
[White "Martinez Miura, Enrique"]
[Black "Ruiz Grau, David"]
[Result "1-0"]
[WhiteElo "1554"]
[BlackElo "1326"]
[PlyCount "147"]
[EventDate "2019.11.30"]
[EventType "swiss"]
[EventRounds "9"]
[EventCountry "ESP"]
[SourceTitle "Ajedrez en Madrid"]
[Source "lmi"]
[SourceDate "2019.11.30"]
[SourceVersion "1"]
[SourceVersionDate "2019.12.16"]
[SourceQuality "1"]

1. e4 c5 2. Nf3 e6 3. d4 cxd4 4. Nxd4 Nc6 5. Be2 Qc7 6. Nc3 a6 7. a3 Nf6 8. Be3
Be7 9. O-O O-O 10. Kh1 b5 11. f4 Bb7 12. Bf3 Nxd4 13. Qxd4 Rac8 14. e5 Bxf3 15.
Rxf3 Ng4 16. Bg1 Bc5 17. Qxc5 Qxc5 18. Bxc5 Rxc5 19. Rd1 Rd8 20. h3 Nh6 21. g4
Kf8 22. Rfd3 Ke7 23. R1d2 Rc4 24. Rd4 Rxd4 25. Rxd4 d6 26. Kg2 dxe5 27. Rxd8
Kxd8 28. fxe5 f5 29. exf6 gxf6 30. Kf3 Nf7 31. Ke3 Nd6 32. b3 Kd7 33. Ne2 e5
34. Nc3 Ke6 35. Ne4 Nxe4 36. Kxe4 a5 37. c3 Kd6 38. b4 axb4 39. cxb4 h6 40. h4
Ke6 41. h5 Kd6 42. Kf5 Kd5 43. Kxf6 e4 44. g5 e3 45. g6 e2 46. g7 e1=Q 47.
g8=Q+ Kd4 48. Qg4+ Kc3 49. Qf3+ Kb2 50. Kg6 Qe6+ 51. Kg7 Qa6 52. Qe3 Qxa3 53.
Qxa3+ Kxa3 54. Kxh6 Kxb4 55. Kg7 Ka3 56. h6 b4 57. h7 b3 58. h8=Q b2 59. Qa8+
Kb3 60. Qb7+ Kc2 61. Qc6+ Kb3 62. Qb5+ Kc2 63. Qc4+ Kb1 64. Kf6 Ka1 65. Qa4+
Kb1 66. Ke5 Kc1 67. Qa3 Kc2 68. Qa2 Kc3 69. Qb1 Kb3 70. Kd4 Ka3 71. Kc3 Ka4 72.
Qxb2 Ka5 73. Kc4 Ka4 74. Qb4# 1-0

[Event "Open de la Constitución 2019"]
[Site "S. S. de los Reyes ESP"]
[Date "2019.12.06"]
[Round "7.28"]
[White "Diaz Del Prado, Carlos"]
[Black "Gonzalez Morente, Jose A"]
[Result "1-0"]
[WhiteElo "1287"]
[BlackElo "1476"]
[PlyCount "71"]
[EventDate "2019.11.30"]
[EventType "swiss"]
[EventRounds "9"]
[EventCountry "ESP"]
[SourceTitle "Ajedrez en Madrid"]
[Source "lmi"]
[SourceDate "2019.11.30"]
[SourceVersion "1"]
[SourceVersionDate "2019.12.16"]
[SourceQuality "1"]

1. d4 d5 2. Nf3 Nf6 3. e3 Bg4 4. Bd3 e6 5. Nbd2 Bd6 6. O-O O-O 7. Re1 Nbd7 8.
e4 dxe4 9. Nxe4 Nxe4 10. Bxe4 Bxf3 11. Qxf3 c6 12. b3 Nf6 13. Bg5 Be7 14. Rad1
Nxe4 15. Bxe7 Qxe7 16. Qxe4 Qa3 17. Ra1 Rad8 18. c3 Qb2 19. Qe3 Rd5 20. Reb1
Qa3 21. c4 Rd7 22. Qc3 Qd6 23. Rd1 c5 24. d5 exd5 25. Rxd5 Qc6 26. Rad1 Rfd8
27. Qf3 Qe6 28. Kf1 Rxd5 29. Rxd5 Rxd5 30. cxd5 Qa6+ 31. Qe2 Qd6 32. Qe8+ Qf8
33. Qe5 Qd8 34. d6 b6 35. Qe7 Qf8 36. Qc7 1-0

[Event "Open de la Constitución 2019"]
[Site "S. S. de los Reyes ESP"]
[Date "2019.12.06"]
[Round "7.31"]
[White "Garcia Estebañez, Diego"]
[Black "Sanchez Villodres, Mario"]
[Result "0-1"]
[WhiteElo "1205"]
[BlackElo "1187"]
[PlyCount "74"]
[EventDate "2019.11.30"]
[EventType "swiss"]
[EventRounds "9"]
[EventCountry "ESP"]
[SourceTitle "Ajedrez en Madrid"]
[Source "lmi"]
[SourceDate "2019.11.30"]
[SourceVersion "1"]
[SourceVersionDate "2019.12.16"]
[SourceQuality "1"]

1. e4 e6 2. d4 d5 3. exd5 exd5 4. Nc3 Nf6 5. Bg5 Be6 6. Nf3 Bb4 7. Ne5 O-O 8.
Bd3 h6 9. Bh4 Nc6 10. O-O Nxd4 11. Ba6 Nf5 12. Bxb7 Rb8 13. Bxd5 Nxh4 14. Qd4
Nf5 15. Qf4 Nxd5 16. Qg4 Nxc3 17. bxc3 Bxc3 18. Rad1 Qg5 19. Qxg5 hxg5 20. Nc6
Rbc8 21. Rd3 Bc4 22. Rxc3 Bxf1 23. Kxf1 Rfe8 24. Rc5 Nd6 25. Rxg5 Re6 26. Nd4
Re7 27. Nc6 Re4 28. Ne5 Rb8 29. g3 Rb1+ 30. Kg2 f6 31. Rh5 Rxe5 32. Rh4 Nf5 33.
Ra4 Re2 34. Kf3 Rxc2 35. Kg4 Nh6+ 36. Kh5 Rb5+ 37. Kg6 Rg5# 0-1

[Event "Open de la Constitución 2019"]
[Site "S. S. de los Reyes ESP"]
[Date "2019.12.07"]
[Round "8.1"]
[White "Iagar, Razvan-Gabriel"]
[Black "Salvador Cabo, Cesar"]
[Result "1/2-1/2"]
[WhiteElo "2182"]
[BlackElo "1988"]
[PlyCount "59"]
[EventDate "2019.11.30"]
[EventType "swiss"]
[EventRounds "9"]
[EventCountry "ESP"]
[SourceTitle "Ajedrez en Madrid"]
[Source "lmi"]
[SourceDate "2019.11.30"]
[SourceVersion "1"]
[SourceVersionDate "2019.12.16"]
[SourceQuality "1"]

1. d4 Nf6 2. c4 c5 3. d5 g6 4. Nc3 d6 5. e4 Bg7 6. h3 O-O 7. Nf3 a6 8. a4 Re8
9. Bd3 e6 10. O-O exd5 11. cxd5 c4 12. Bc2 Nbd7 13. Bf4 Qc7 14. Re1 Nh5 15. Bh2
b6 16. Qd2 Bb7 17. Rad1 Qc5 18. g4 Nhf6 19. Qf4 Ne5 20. Nxe5 dxe5 21. Qe3 Qb4
22. Rb1 Nd7 23. Kg2 Bf8 24. Na2 Qa5 25. Qc3 Qc5 26. f3 b5 27. Bg1 Qd6 28. b3
Rec8 29. b4 Bh6 30. Be3 1/2-1/2

[Event "Open de la Constitución 2019"]
[Site "S. S. de los Reyes ESP"]
[Date "2019.12.07"]
[Round "8.2"]
[White "Torres Boch, Jose F."]
[Black "Perez Gonzalez, Jose Manuel"]
[Result "1-0"]
[WhiteElo "2154"]
[BlackElo "2161"]
[PlyCount "61"]
[EventDate "2019.11.30"]
[EventType "swiss"]
[EventRounds "9"]
[EventCountry "ESP"]
[SourceTitle "Ajedrez en Madrid"]
[Source "lmi"]
[SourceDate "2019.11.30"]
[SourceVersion "1"]
[SourceVersionDate "2019.12.16"]
[SourceQuality "1"]

1. e4 d6 2. d4 Nf6 3. Nc3 g6 4. Be3 c6 5. Qd2 Nbd7 6. Nf3 Bg7 7. e5 Ng4 8. exd6
Nxe3 9. Qxe3 e6 10. Ne4 Nf6 11. Nfg5 Nxe4 12. Nxe4 f5 13. Ng5 Qxd6 14. O-O-O h6
15. Nf3 O-O 16. Ne5 Rd8 17. Be2 Bd7 18. Nxg6 Be8 19. Nf4 Bf7 20. Bh5 Bxd4 21.
Bxf7+ Kxf7 22. Rxd4 Qxd4 23. Qxe6+ Kg7 24. Qg6+ Kh8 25. Qxh6+ Kg8 26. Ne6 Qd7
27. Re1 Re8 28. Qg6+ Kh8 29. Re3 Re7 30. Rh3+ Rh7 31. Qf6+ 1-0

[Event "Open de la Constitución 2019"]
[Site "S. S. de los Reyes ESP"]
[Date "2019.12.07"]
[Round "8.3"]
[White "Sanchez Saez, Francisco"]
[Black "Perez Ordoñez, Jose Ramon"]
[Result "1-0"]
[WhiteElo "2337"]
[BlackElo "2149"]
[PlyCount "79"]
[EventDate "2019.11.30"]
[EventType "swiss"]
[EventRounds "9"]
[EventCountry "ESP"]
[SourceTitle "Ajedrez en Madrid"]
[Source "lmi"]
[SourceDate "2019.11.30"]
[SourceVersion "1"]
[SourceVersionDate "2019.12.16"]
[SourceQuality "1"]

1. e4 e5 2. Nc3 Nf6 3. Bc4 Nc6 4. d3 Na5 5. Bb3 Nxb3 6. axb3 d5 7. exd5 Bb4 8.
Bd2 Nxd5 9. Nf3 Nxc3 10. Bxc3 Bxc3+ 11. bxc3 O-O 12. O-O f6 13. Re1 Re8 14. Qe2
Be6 15. d4 exd4 16. cxd4 Bd5 17. Qd3 Bxf3 18. Rxe8+ Qxe8 19. Qxf3 c6 20. h3 a6
21. c4 Rd8 22. Rd1 Rd6 23. g3 b5 24. d5 Qd7 25. Kg2 bxc4 26. bxc4 cxd5 27. c5
Re6 28. Rxd5 Qc6 29. Kh2 g6 30. Qd3 Re7 31. Qd4 Qe6 32. Rd6 Qe5 33. Qc4+ Kg7
34. Rxa6 Qe2 35. Qxe2 Rxe2 36. Kg2 Kf7 37. Ra7+ Ke6 38. Rxh7 Rc2 39. Rc7 Kf5
40. h4 1-0

[Event "Open de la Constitución 2019"]
[Site "S. S. de los Reyes ESP"]
[Date "2019.12.07"]
[Round "8.4"]
[White "Longa Yauca, Javier"]
[Black "Sacristan Virseda, Fernando"]
[Result "1/2-1/2"]
[WhiteElo "2198"]
[BlackElo "1880"]
[PlyCount "93"]
[EventDate "2019.11.30"]
[EventType "swiss"]
[EventRounds "9"]
[EventCountry "ESP"]
[SourceTitle "Ajedrez en Madrid"]
[Source "lmi"]
[SourceDate "2019.11.30"]
[SourceVersion "1"]
[SourceVersionDate "2019.12.16"]
[SourceQuality "1"]

1. d4 Nf6 2. Nf3 g6 3. g3 Bg7 4. Bg2 O-O 5. O-O d5 6. c4 c6 7. Nc3 Nbd7 8. Qb3
Nb6 9. cxd5 Nbxd5 10. Rd1 Qb6 11. Qxb6 axb6 12. Nxd5 Nxd5 13. e4 Nb4 14. a3 Bg4
15. Be3 Nc2 16. Rac1 Nxe3 17. fxe3 Ra5 18. Rc2 Rd8 19. h3 Bxf3 20. Bxf3 c5 21.
Rcd2 Bh6 22. Rd3 c4 23. Rc3 b5 24. e5 Bg7 25. Kg2 e6 26. Rf1 Rd7 27. h4 Rc7 28.
Rfc1 Bf8 29. Be4 h6 30. g4 Be7 31. h5 gxh5 32. gxh5 f6 33. exf6 Bxf6 34. Kf3 b6
35. R3c2 b4 36. Rg2+ Bg5 37. axb4 Rb5 38. Ra1 Rf7+ 39. Ke2 Rxb4 40. Ra2 Rb3 41.
Rxg5+ hxg5 42. h6 Rf8 43. Bg6 g4 44. Ra7 Rxb2+ 45. Ke1 g3 46. Rg7+ Kh8 47. Rh7+
1/2-1/2

[Event "Open de la Constitución 2019"]
[Site "S. S. de los Reyes ESP"]
[Date "2019.12.07"]
[Round "8.5"]
[White "Bassani, Jaison Jose"]
[Black "Lozano Suarez, Luis Miguel"]
[Result "0-1"]
[WhiteElo "2013"]
[BlackElo "2130"]
[PlyCount "94"]
[EventDate "2019.11.30"]
[EventType "swiss"]
[EventRounds "9"]
[EventCountry "ESP"]
[SourceTitle "Ajedrez en Madrid"]
[Source "lmi"]
[SourceDate "2019.11.30"]
[SourceVersion "1"]
[SourceVersionDate "2019.12.16"]
[SourceQuality "1"]

1. e4 e5 2. Nf3 Nc6 3. Bc4 Bc5 4. b4 Bxb4 5. c3 Be7 6. d4 Na5 7. Nxe5 Nxc4 8.
Nxc4 d5 9. exd5 Qxd5 10. Ne3 Qd8 11. O-O Nf6 12. c4 O-O 13. Nc3 Re8 14. Bb2 a6
15. a4 b6 16. Qf3 Rb8 17. Rfd1 Bb7 18. d5 Bc8 19. Ne2 Bc5 20. Nd4 Bxd4 21. Rxd4
Qe7 22. Rf4 Ne4 23. h3 Nd6 24. Qg3 Qf8 25. Rd1 Bd7 26. Rdd4 Re7 27. Rf3 Rbe8
28. Ng4 Bxg4 29. Rxg4 f5 30. Rgf4 a5 31. Ba3 Rf7 32. Qh4 g6 33. Bb2 Re2 34. Bd4
Ne4 35. Kf1 Qb4 36. g4 Re1+ 37. Kg2 Qb1 38. Rxe4 Rg1+ 39. Kh2 Rh1+ 40. Kg3 Qg1+
41. Kf4 fxe4+ 42. Kxe4 Qb1+ 43. Rd3 Re1+ 44. Be3 Rd1 45. Qd8+ Rf8 46. Qe7 Qxd3+
47. Ke5 Qc3+ 0-1

[Event "Open de la Constitución 2019"]
[Site "S. S. de los Reyes ESP"]
[Date "2019.12.07"]
[Round "8.6"]
[White "Aziz Ortego, Omar Luis"]
[Black "Martinez Fernandez, Raul"]
[Result "0-1"]
[WhiteElo "2019"]
[BlackElo "2203"]
[PlyCount "130"]
[EventDate "2019.11.30"]
[EventType "swiss"]
[EventRounds "9"]
[EventCountry "ESP"]
[SourceTitle "Ajedrez en Madrid"]
[Source "lmi"]
[SourceDate "2019.11.30"]
[SourceVersion "1"]
[SourceVersionDate "2019.12.16"]
[SourceQuality "1"]

1. e4 e5 2. Bc4 Nf6 3. d3 Bc5 4. Nf3 Nc6 5. c3 d6 6. Bb3 O-O 7. Nbd2 Bb6 8. O-O
Ne7 9. Nc4 Ng6 10. g3 Bg4 11. Ne3 Bh3 12. Ng2 Qd7 13. Be3 Bxe3 14. fxe3 Bg4 15.
Qe1 d5 16. exd5 Nxd5 17. e4 Nde7 18. Ng5 Nh8 19. Ne3 Bh5 20. Nc4 Nc6 21. Nf3
Ng6 22. Rd1 Kh8 23. Ne3 f6 24. Rd2 Rfd8 25. h3 Nf8 26. Nh4 Bf7 27. Bd1 Be6 28.
g4 Bf7 29. Qg3 Ne6 30. Nhg2 Ng5 31. Rff2 Ne7 32. h4 Ne6 33. g5 Ng6 34. gxf6
gxf6 35. Nd5 Ngf4 36. Nxf6 Qe7 37. Nxf4 exf4 38. Rxf4 Nxf4 39. Qxf4 Bxa2 40. d4
Rf8 41. Rf2 a5 42. Bc2 Rf7 43. e5 c6 44. Qh6 Rg7+ 45. Kh2 Bg8 46. Qf4 a4 47. h5
Bb3 48. h6 Rf7 49. Bxh7 Rxh7 50. Nxh7 Kxh7 51. Rg2 Rg8 52. Qf5+ Kh8 53. Rg6
Qh4+ 54. Kg1 Qxh6 55. Rxg8+ Kxg8 56. Qc8+ Qf8 57. Qh3 Qg7+ 58. Kf2 Qf7+ 59. Ke3
Qe6 60. Qh4 Kg7 61. Qg5+ Kf7 62. Qh4 Qg6 63. Qf4+ Ke6 64. Qf8 Qg5+ 65. Kf2 Qf5+
0-1

[Event "Open de la Constitución 2019"]
[Site "S. S. de los Reyes ESP"]
[Date "2019.12.07"]
[Round "8.7"]
[White "Quevedo Marin, Manuel"]
[Black "Cabañas Bravo, Juan Andres"]
[Result "1-0"]
[WhiteElo "2197"]
[BlackElo "2063"]
[PlyCount "67"]
[EventDate "2019.11.30"]
[EventType "swiss"]
[EventRounds "9"]
[EventCountry "ESP"]
[SourceTitle "Ajedrez en Madrid"]
[Source "lmi"]
[SourceDate "2019.11.30"]
[SourceVersion "1"]
[SourceVersionDate "2019.12.16"]
[SourceQuality "1"]

1. e4 d5 2. exd5 Nf6 3. Nf3 Qxd5 4. Nc3 Qh5 5. Be2 Bg4 6. d3 Nc6 7. h3 e5 8.
Rh2 Nd4 9. Nxd4 exd4 10. Bxg4 Nxg4 11. Qxg4 Qxg4 12. hxg4 dxc3 13. bxc3 O-O-O
14. Be3 Rd5 15. Kd2 h5 16. Rah1 g6 17. gxh5 Bd6 18. Rh3 Rdxh5 19. Rxh5 Rxh5 20.
Rxh5 gxh5 21. Ke2 c5 22. c4 Kd7 23. c3 Ke6 24. d4 b6 25. Kf3 Kf5 26. g3 a6 27.
a4 f6 28. Bh6 a5 29. Bf4 Bxf4 30. gxf4 cxd4 31. cxd4 Ke6 32. Ke4 f5+ 33. Kf3 h4
34. Kg2 1-0

[Event "Open de la Constitución 2019"]
[Site "S. S. de los Reyes ESP"]
[Date "2019.12.07"]
[Round "8.8"]
[White "Alfaya Marcelo, Roberto"]
[Black "Vazquez Gonzalez, Jesus"]
[Result "1-0"]
[WhiteElo "2171"]
[BlackElo "1929"]
[PlyCount "95"]
[EventDate "2019.11.30"]
[EventType "swiss"]
[EventRounds "9"]
[EventCountry "ESP"]
[SourceTitle "Ajedrez en Madrid"]
[Source "lmi"]
[SourceDate "2019.11.30"]
[SourceVersion "1"]
[SourceVersionDate "2019.12.16"]
[SourceQuality "1"]

1. d4 Nf6 2. c4 g6 3. Nc3 Bg7 4. e4 d6 5. h3 O-O 6. Be3 e5 7. d5 Nfd7 8. g4 Na6
9. Nf3 Ndc5 10. Rg1 f6 11. Be2 Kh8 12. a3 f5 13. gxf5 gxf5 14. b4 Nxe4 15. Nxe4
fxe4 16. Ng5 Bf5 17. Bg4 Qf6 18. Bxf5 Qxf5 19. Qg4 Bh6 20. h4 Bxg5 21. Qxf5
Rxf5 22. hxg5 Rg8 23. Rg4 c6 24. Rd1 c5 25. b5 Nb8 26. Rxe4 Nd7 27. Ke2 Nb6 28.
Rh1 Rf7 29. Reh4 Rg6 30. a4 Nc8 31. f4 exf4 32. Rxf4 Rxf4 33. Bxf4 Ne7 34. Kf3
Kg7 35. Kg4 Nc8 36. a5 Kg8 37. Bd2 Rg7 38. Bc3 Re7 39. g6 hxg6 40. Rh8+ Kf7 41.
Rxc8 Re4+ 42. Kg5 Rxc4 43. Rc7+ Ke8 44. Bf6 Ra4 45. Re7+ Kf8 46. Rxb7 Rxa5 47.
Kxg6 Ke8 48. Re7+ 1-0

[Event "Open de la Constitución 2019"]
[Site "S. S. de los Reyes ESP"]
[Date "2019.12.07"]
[Round "8.9"]
[White "Pindado Campos, Raul"]
[Black "Marcos Herrero, Francisco"]
[Result "1/2-1/2"]
[WhiteElo "2100"]
[BlackElo "1788"]
[PlyCount "54"]
[EventDate "2019.11.30"]
[EventType "swiss"]
[EventRounds "9"]
[EventCountry "ESP"]
[SourceTitle "Ajedrez en Madrid"]
[Source "lmi"]
[SourceDate "2019.11.30"]
[SourceVersion "1"]
[SourceVersionDate "2019.12.16"]
[SourceQuality "1"]

1. d4 Nf6 2. Nf3 e6 3. c4 Bb4+ 4. Bd2 a5 5. g3 O-O 6. Bg2 d6 7. O-O Bxd2 8.
Nbxd2 Nc6 9. e4 e5 10. d5 Ne7 11. Nh4 Ng4 12. Qe2 g6 13. h3 Nh6 14. Qe3 Kg7 15.
f4 f6 16. fxe5 dxe5 17. g4 Nf7 18. Rf2 g5 19. Nf5+ Nxf5 20. exf5 b6 21. a4 Nd6
22. Rc1 Rb8 23. b3 Bb7 24. c5 Nf7 25. c6 Ba6 26. Ne4 Nd6 27. Qc3 Nxe4 1/2-1/2

[Event "Open de la Constitución 2019"]
[Site "S. S. de los Reyes ESP"]
[Date "2019.12.07"]
[Round "8.10"]
[White "Martin Rodriguez, Emilio"]
[Black "Rodriguez Garcia, Alberto"]
[Result "1/2-1/2"]
[WhiteElo "2030"]
[BlackElo "1831"]
[PlyCount "79"]
[EventDate "2019.11.30"]
[EventType "swiss"]
[EventRounds "9"]
[EventCountry "ESP"]
[SourceTitle "Ajedrez en Madrid"]
[Source "lmi"]
[SourceDate "2019.11.30"]
[SourceVersion "1"]
[SourceVersionDate "2019.12.16"]
[SourceQuality "1"]

1. d4 Nf6 2. Nf3 g6 3. Bg5 Bg7 4. Nbd2 d5 5. e3 O-O 6. Be2 Nbd7 7. c4 c5 8.
cxd5 Nxd5 9. Qb3 N5f6 10. O-O cxd4 11. Nxd4 Qb6 12. Qa3 Qc5 13. Qxc5 Nxc5 14.
Rac1 Na4 15. Nc4 Nd5 16. Bf3 e6 17. Nd6 h6 18. Bxd5 hxg5 19. Bb3 Nb6 20. Nxc8
Raxc8 21. Rxc8 Nxc8 22. Rc1 Bxd4 23. exd4 Rd8 24. Rc7 b6 25. Kf1 Kf8 26. Ke2
Nd6 27. Rxa7 Nb5 28. Rb7 Nxd4+ 29. Ke3 Nxb3 30. axb3 Rd6 31. h3 Kg7 32. g3 e5
33. f3 Kf6 34. Rc7 Ke6 35. g4 f5 36. Rg7 Kf6 37. Rb7 f4+ 38. Ke2 Ke6 39. b4 Kf6
40. Rc7 1/2-1/2

[Event "Open de la Constitución 2019"]
[Site "S. S. de los Reyes ESP"]
[Date "2019.12.07"]
[Round "8.11"]
[White "Ramos Fernandez, Pedro"]
[Black "Rodriguez Valdeavero, Julio C."]
[Result "1/2-1/2"]
[WhiteElo "2008"]
[BlackElo "1778"]
[PlyCount "98"]
[EventDate "2019.11.30"]
[EventType "swiss"]
[EventRounds "9"]
[EventCountry "ESP"]
[SourceTitle "Ajedrez en Madrid"]
[Source "lmi"]
[SourceDate "2019.11.30"]
[SourceVersion "1"]
[SourceVersionDate "2019.12.16"]
[SourceQuality "1"]

1. e4 c6 2. d4 d6 3. Nc3 Nf6 4. Nf3 g6 5. Be2 Bg7 6. O-O O-O 7. Bg5 Qc7 8. Qd2
b5 9. a3 Nbd7 10. Bh6 Bb7 11. Bxg7 Kxg7 12. Rfe1 e5 13. Rad1 a6 14. Bf1 Rac8
15. dxe5 dxe5 16. g3 Nb6 17. Qd6 Rfe8 18. b3 c5 19. Bh3 Qxd6 20. Rxd6 Rc6 21.
Red1 b4 22. Rxc6 Bxc6 23. Rd6 Bd7 24. Bxd7 Nbxd7 25. axb4 cxb4 26. Nd5 Re6 27.
Nxf6 Rxf6 28. Rxd7 Rxf3 29. Rc7 Rf6 30. Kf1 Rb6 31. Ke2 Kf6 32. h4 h5 33. Kd3
Rd6+ 34. Ke3 Ke6 35. f4 Rd1 36. Rc6+ Rd6 37. Rc4 Rb6 38. Rc5 Rb5 39. Rc6+ Ke7
40. Rxa6 Rc5 41. fxe5 Rxc2 42. Rd6 Rg2 43. Kf3 Rb2 44. Rd3 Ke6 45. Kf4 Rf2+ 46.
Ke3 Rg2 47. Kd4 Rc2 48. Rf3 Ke7 49. Rd3 Ke6 1/2-1/2